000 04197nam a22002897a 4500
003 NALT
005 20251211151754.0
008 240723b th ||||| |||| 00| 0 tha d
020 _a9786169081548
040 _aNALT
041 _atha
050 _aDS 37.7
_bซ361ส 2554
100 0 _aซุกรีย์นูร จงรักศักดิ์
_964418
245 1 0 _aสันติสุขบนดินแดนตะวันออกกลาง ในสมัยเคาะลีฟะฮฺ อุมัรฺ บิน อัล-ค็อฎฏ๊อบ (ค.ศ. 634-644) /
_cซุกรีย์นูร จงรักศักดิ์.
250 _aพิมพ์ครั้งแรก.
260 _aกรุงเทพฯ :
_bสภายุวมุสลิมโลก,
_c2554.
300 _a360 หน้า :
_bภาพประกอบ ;
_c21 ซม.
505 2 _a1 เคาะลีฟะฮฺอุมัรฺ บิน อัล-ค็อฏฏ๊อบ กับการปกครองดินแดน 18 ประเทศในตะวันออกลาง : อุมัรฺ บิน อัล-ค็อฏฏ๊อบ คือใคร ; ชีวิตท่านอุมัรฺ บิน อัล-ค็อฏฏ๊อบ ก่อนดำรงตำแหน่งเคาะลีฟะฮฺ ; การดำรงตำแหน่งเคาะลีฟะฮฺ ; อาณาเขตรัฐอิสลามในสมัยเคาะลีฟะฮฺอุมัรฺ บิน อัล-ค็อฏฏ๊อบ ; เชื้อสาย ภาษาและศาสนาของพลเมือง ; คณะผู้ร่วมงานคนสำคัญ ; หลักการบริหารรัฐอิสลาม ; การสิ้นชีวิตของเคาะลีฟะฮฺอุมัรฺ บิน อัล-ค็อฏฏ๊อบ ; ผลงานสำคัญของเคาะลีฟะฮฺอุมัรฺ บิน อัล-ค็อฏฏ๊อบ -- 2 ทราบได้อย่างไรว่าในยุคเคาะลีฟะฮฺอุมัรฺ นั้น ตะวันออกกลางเกิดสันติสุข? : 1. ประชาชนมีความปลอดภัยในชีวิตและทรัพย์สิน ; 2. ประชาชนได้รับความยุติธรรม ; 3. ประชาชนมีรายได้ที่พอเพียง ; 4. สังคมปลอดจากปัญหาสุราและยาเสพติด ; 5. ประชาชนมีสวัสดิการและสังคมสงเคราะห์ที่ดี ; 6. ประชาชนได้รับการคุ้มครองและปกป้องสิทธิมนุษยชน -- 3 มีอะไรอยู่เบื้องหลังสันติสุข? : การมีประชาชนที่ดี ; การมีกฎหมายและรัฐธรรมนูญที่ดี ; การมีผู้นำที่ดี -- 4 อิทธิพลของศาสนาอิสลามต่อสันติสุขในสมัยเคาะลีฟะฮฺอุมัรฺ บิน อัล-ค็อฏฏ๊อบ : แนวคิดของอิสลามเกี่ยวกับสันติสุข ; อิทธิพลศาสนาอิสลามต่อสันติสุข.
650 4 _aศาสนาอิสลาม
_915043
650 4 _aศาสนาอิสลาม
_xประวัติ
_952634
651 4 _aตะวันออกกลาง
_xการเมืองและการปกครอง
_95914
651 4 _aตะวันออกกลาง
_xประวัติศาสตร์
_931183
850 _aNALT
942 _2lcc
_cGB
996 _akornsiririn.r
_bCATSTF
_c2024-07-23
999 _c105558
_d105558
998 _j111
_k นางสาวพจพิณ พรมเอี่ยม